<?xml version="1.0" encoding="UTF-8"?>
<record
    xmlns:xsi="http://www.w3.org/2001/XMLSchema-instance"
    xsi:schemaLocation="http://www.loc.gov/MARC21/slim http://www.loc.gov/standards/marcxml/schema/MARC21slim.xsd"
    xmlns="http://www.loc.gov/MARC21/slim">

  <leader>03766nam a22003977a 4500</leader>
  <controlfield tag="001">BRCA_7519</controlfield>
  <controlfield tag="002">R-69</controlfield>
  <controlfield tag="003">FranzMayer</controlfield>
  <controlfield tag="005">20260323175133.0</controlfield>
  <controlfield tag="008">251210s1484    it ||||gr|||| 00| 0 lat d</controlfield>
  <datafield tag="040" ind1=" " ind2=" ">
    <subfield code="a">BM FM</subfield>
    <subfield code="b">spa</subfield>
  </datafield>
  <datafield tag="041" ind1=" " ind2=" ">
    <subfield code="a">lat</subfield>
  </datafield>
  <datafield tag="050" ind1=" " ind2="4">
    <subfield code="a">DG270</subfield>
    <subfield code="b">.B56 1484 (R-69)</subfield>
  </datafield>
  <datafield tag="100" ind1="1" ind2=" ">
    <subfield code="a">Biondo, Flavio</subfield>
    <subfield code="d">(1392-1463)</subfield>
    <subfield code="9">30085</subfield>
  </datafield>
  <datafield tag="245" ind1="1" ind2="0">
    <subfield code="a">Historiarum ab Inclinatione Romanorum Imperii. Liber Primus/ </subfield>
    <subfield code="c">Biondo, Flavio</subfield>
  </datafield>
  <datafield tag="246" ind1="1" ind2="1">
    <subfield code="a">D&#xE9;cadas de historia desde la decadencia del Imperio Romano</subfield>
  </datafield>
  <datafield tag="260" ind1=" " ind2=" ">
    <subfield code="a">Venecia, Italia :</subfield>
    <subfield code="b">Otavianum Scotum , </subfield>
    <subfield code="c">1484</subfield>
  </datafield>
  <datafield tag="300" ind1=" " ind2=" ">
    <subfield code="a">249 hojas ;</subfield>
    <subfield code="c">27 x 18.5 x 5 cm</subfield>
  </datafield>
  <datafield tag="520" ind1="3" ind2=" ">
    <subfield code="a">El incunable m&#xE1;s antiguo en la biblioteca Franz Mayer. Narra la historia de Europa y la cristiandad, desde el saqueo de Roma por los godos en los a&#xF1;os 410 d. C., hasta 1442.</subfield>
    <subfield code="b">Fue el primero en dividir la historia en tres periodos o edades, as&#xED; como en emplear el concepto de "Medioevo&#x201D; para referirse a la Edad Media, que transcurri&#xF3; desde la desintegraci&#xF3;n del Imperio romano de Occidente -en el siglo V- hasta el siglo XV y considerado un per&#xED;odo de estancamiento cultural. </subfield>
  </datafield>
  <datafield tag="563" ind1=" " ind2=" ">
    <subfield code="a">Otras referencias f&#xED;sicas: Encuadernaci&#xF3;n entera en piel decorada. El papel del cuerpo del libro es de pulpa de trapo, hecho a mano, con marcas de verjurado y marcas de agua. El cuerpo del libro est&#xE1; formado por cuadernillos unidos mediante costura sobre cuatro soportes sencillos y elevados de cordel. Sin embargo, no es posible determinar el tipo de costura. Hojas de guarda con refuerzo hecho de papel de re&#xFA;so manuscrito, cosidas y adheridas; ambas guardas m&#xF3;viles presentan una marca de agua con la figura de un caballo (distinto en cada una). Lomera ligeramente redondeada con endoses en los paneles de cabeza y pie (no se determin&#xF3; si en el resto de los paneles hay endoses). Cabezadas tejidas con hilo blanco, y sobrecabezadas tejidas con hilo caf&#xE9; y ocre con almas de material no identificado, cortadas al ras. Cantos del cuerpo refinados m&#xE1;s de una vez y saplicados con rojoDecoraci&#xF3;n con dorado en el lomoTexto impreso</subfield>
  </datafield>
  <datafield tag="591" ind1=" " ind2=" ">
    <subfield code="a">Estado de Conservaci&#xF3;n: Bueno</subfield>
  </datafield>
  <datafield tag="591" ind1=" " ind2=" ">
    <subfield code="a">Descripci&#xF3;n de conservaci&#xF3;n: Reencuadernaci&#xF3;n antigua. Presenta suciedad, algunos faltantes, roturas y dobleces en las hojas. Contraguardas parcialmente desprendidas, abrasi&#xF3;n en los cantos de las tapas, cofia de cabeza rota, puntas dobladas;  la punta posterior de pie y la anterior de cabeza ligeramente desnudas. Peque&#xF1;os faltantes de la capa superior de la piel en ambas tapas</subfield>
  </datafield>
  <datafield tag="592" ind1=" " ind2=" ">
    <subfield code="a">Marcas Adicionales: Notas manuscritas en tinta ferrog&#xE1;lica en los m&#xE1;rgenes de las hojas: 1-6, 10-11, 14, 16, 18-19, 23-24, 26, 32, 34-35, 37, 43-47, 50-63, 66, 69-71, 73, 75-82, 89-90, 93, 95, 99-100, 102, 112, 120-129, 133-134, 140 (en algunos casos se cortaron durante el refinado para la reencuadernaci&#xF3;n). Nota manuscrita en  italiano en la contra guarda anterior [J. Hatan ... 21 ... 1840 H . I . A ] [Muy rara es la edici&#xF3;n ... ]. En la contraguarda anterior presenta una inscripci&#xF3;n con la fecha "1840", lo que podr&#xED;a indicar la &#xE9;poca aproximada de su reencuadernac&#xF3;n. Marca de agua en la &#xFA;ltima hoja con un c&#xED;rculo y una "M" </subfield>
  </datafield>
  <datafield tag="593" ind1=" " ind2=" ">
    <subfield code="a">Incunables</subfield>
  </datafield>
  <datafield tag="600" ind1="1" ind2="0">
    <subfield code="a">Biondo, Flavio</subfield>
    <subfield code="d">1392-1463</subfield>
    <subfield code="9">30085</subfield>
  </datafield>
  <datafield tag="648" ind1=" " ind2="0">
    <subfield code="a">Viceroyalty (1535-1821)</subfield>
    <subfield code="9">30086</subfield>
  </datafield>
  <datafield tag="650" ind1="1" ind2="0">
    <subfield code="a">History</subfield>
    <subfield code="9">8124</subfield>
  </datafield>
  <datafield tag="650" ind1="1" ind2="0">
    <subfield code="a">Historiography</subfield>
    <subfield code="x">History</subfield>
    <subfield code="y">To 1500</subfield>
    <subfield code="z">Europe</subfield>
    <subfield code="9">30087</subfield>
  </datafield>
  <datafield tag="650" ind1="1" ind2="0">
    <subfield code="a">Renaissance</subfield>
    <subfield code="z">Europe</subfield>
    <subfield code="9">12726</subfield>
  </datafield>
  <datafield tag="651" ind1=" " ind2="0">
    <subfield code="a">Rome</subfield>
    <subfield code="x">History</subfield>
    <subfield code="y">Empire 284-476</subfield>
    <subfield code="9">30088</subfield>
  </datafield>
  <datafield tag="700" ind1="1" ind2=" ">
    <subfield code="a">Scotum, Otavianum</subfield>
    <subfield code="e">editor</subfield>
    <subfield code="9">30089</subfield>
  </datafield>
  <datafield tag="856" ind1="4" ind2="1">
    <subfield code="q">TIF//PDF</subfield>
    <subfield code="u">https://bibliotecadigital.franzmayer.org.mx/items/afbfca9c-4665-46a3-9e28-758440057e27</subfield>
    <subfield code="y">Biblioteca Digital Franz Mayer</subfield>
  </datafield>
  <datafield tag="902" ind1=" " ind2=" ">
    <subfield code="a">KH</subfield>
    <subfield code="a">TV</subfield>
    <subfield code="a">FM</subfield>
  </datafield>
  <datafield tag="942" ind1=" " ind2=" ">
    <subfield code="2">lcc</subfield>
    <subfield code="c">B</subfield>
  </datafield>
  <datafield tag="960" ind1=" " ind2=" ">
    <subfield code="a">CS-L1-N2</subfield>
  </datafield>
  <datafield tag="999" ind1=" " ind2=" ">
    <subfield code="c">11097</subfield>
    <subfield code="d">11097</subfield>
  </datafield>
  <datafield tag="952" ind1=" " ind2=" ">
    <subfield code="a">BRCA</subfield>
    <subfield code="b">BRCA</subfield>
    <subfield code="d">2025-12-10</subfield>
    <subfield code="f">CS-L1-N2</subfield>
    <subfield code="i">R-69</subfield>
    <subfield code="l">0</subfield>
    <subfield code="o">DG270 .B56 1484 (R-69)</subfield>
    <subfield code="p">LAR00011</subfield>
    <subfield code="r">2025-12-10 16:58:00</subfield>
    <subfield code="w">2025-12-10</subfield>
    <subfield code="y">B</subfield>
    <subfield code="0">0</subfield>
    <subfield code="1">0</subfield>
    <subfield code="2">lcc</subfield>
    <subfield code="5">2</subfield>
    <subfield code="7">0</subfield>
    <subfield code="8">LAR</subfield>
  </datafield>
</record>
